000 00305nam a2200097Ia 4500
001 725631
005 20250826163413.0
008 250824s9999 xx 000 0 und d
245 0 _aDÜNYA EDEBİYATINDAN SEÇMELER HENRY ESMOND III
_cYazar Adı Belirtilmemiş
260 _bMİLLİ EĞİTİM BAKANLIĞI YAYINLARI
999 _c725631
_d725631